00992 2200325 4500001002100000005001500021035002000036007000300056040001700059100003800076245013400114250001200248300003000260504002500290020001800315041000800333082000800341084001400349090001900363264004700382336002100429337003000450338002300480650001800503700005400521850001000575008004100585990002100626990001900647INLIS00000000000633420260418103633 a0010-0322000578ta aSBPUPADbind0 aPetrus Irwan PanjaitanePengarang1 aLembaga Permasyarakatan Dalam perspektif Sistem Peradilan Pidana /cPetrus Irwan Panjaitan;Pengarang Ke-2, Pandapotan Simorangkir a.-cet.2 a81 hlm. :billus. ;c19cm aBibliografi, hlm 80 a979-416-324-40 aind a365 a365 PET l a365 PET l 13-3 a.--Jakarta :bpustaka sinar harapan,c1995 2rdacontentaTeks 2rdamediaaTanpa Perantara 2rdacarrieravolume 4aPermasyarakat0 aPengarang Ke-2, Pandapotan SimorangkirePengarang aPUPAD260418 0  a00664/ARPUS/2005 a064/ARPUS-2005